Engineering hydrology / (Record no. 13514)
[ view plain ]
| 000 -LEADER | |
|---|---|
| fixed length control field | 00381cam a2200157ua 4500 |
| 020 ## - INTERNATIONAL STANDARD BOOK NUMBER | |
| ISBN | 9780195694611 |
| 020 ## - INTERNATIONAL STANDARD BOOK NUMBER | |
| ISBN | 0195694619 |
| 082 ## - DEWEY DECIMAL CLASSIFICATION NUMBER | |
| Classification number | 551.48 |
| Item number | OJH/EN |
| 100 ## - MAIN ENTRY--AUTHOR NAME | |
| Personal name | Ojha, C.S.P . |
| 245 ## - TITLE STATEMENT | |
| Title | Engineering hydrology / |
| 260 ## - PUBLICATION, DISTRIBUTION, ETC. (IMPRINT) | |
| Place of publication | New Delhi : |
| Name of publisher | Oxford University Press , |
| Year of publication | 2008. |
| 300 ## - PHYSICAL DESCRIPTION | |
| Number of Pages | ; . |
| 700 1# - ADDED ENTRY--PERSONAL NAME | |
| Personal name | Berndtsson, R . |
| 700 1# - ADDED ENTRY--PERSONAL NAME | |
| Personal name | Bhunya, P . |
| 942 ## - ADDED ENTRY ELEMENTS (KOHA) | |
| Koha item type | Books |
| Withdrawn status | Lost status | Damaged status | Home library | Current library | Date acquired | Full call number | Accession Number | Koha item type | Collection code | Shelving location | Source of acquisition | Cost, normal purchase price |
|---|---|---|---|---|---|---|---|---|---|---|---|---|
| KAUAET | KAUAET | 07/04/2012 | 551.48 | 22016 | Books | |||||||
| KAUAET | KAUAET | 30/03/2013 | 551.48 OJH/EN | 24029 | Books | Non-fiction | General Stacks | Aman Book Stall, Calicut | 365.00 |
